| 000 | 00477nam a2200157 i 4500 | ||
|---|---|---|---|
| 001 | 21280 | ||
| 003 | ES-MaACL | ||
| 005 | 20230906152442.0 | ||
| 007 | t| | ||
| 008 | 021122q1969 sp ||||1| spa d | ||
| 245 | 0 | 0 | _aAgricultura. |
| 260 |
_a[Madrid] : _bComisaría del Plan de Desarrollo Económico y Social, _c1969? |
||
| 300 |
_a331 p. ; _c30 cm. |
||
| 710 | 0 | 0 |
_aEspaña. _bComisaría del Plan de Desarrollo Económico y Social. _93631 |
| 852 |
_aES-MaACL _jC-41424 _bR.72883 |
||
| 999 |
_c21280 _d21280 |
||